Munich prologue to tragedy

保存先:
書誌詳細
第一著者: Wheeler-Bennett, John W.
フォーマット: 図書
言語:Undetermined
出版事項: London Macmillan & Co. 1963
主題:
タグ: タグ追加
タグなし, このレコードへの初めてのタグを付けませんか!
Thư viện lưu trữ: Trung tâm Học liệu Trường Đại học Cần Thơ
LEADER 00486nam a2200181Ia 4500
001 CTU_80961
008 210402s9999 xx 000 0 und d
082 |a 940.52 
082 |b W562 
100 |a Wheeler-Bennett, John W. 
245 0 |a Munich prologue to tragedy 
245 0 |c John W. Wheeler-Bennett 
260 |a London 
260 |b Macmillan & Co. 
260 |c 1963 
650 |a Europe 
904 |i Vương, Q. Hieu 
980 |a Trung tâm Học liệu Trường Đại học Cần Thơ